[Event "Najdorf mem op"]
[Site "Buenos Aires"]
[Date "1999.09.27"]
[Round "6"]
[White "Giaccio, Alfredo"]
[Black "Reides, Marcelo"]
[Result "1-0"]
[WhiteElo "2505"]
[BlackElo "2354"]

1.e4 d6 2.d4 Nf6 3.Nc3 e5 4.Nf3 Nbd7 5.Bc4 Be7 6.O-O O-O 7.Re1 c6 8.a4 b6
9.b3 Qc7 10.Bb2 a6 11.Bd3 Re8 12.Ne2 c5 13.dxe5 Nxe5 14.Nxe5 dxe5 15.c4 Bg4
16.f3 Be6 17.a5 bxa5 18.Bc3 Nd7 19.Rxa5 Nb8 20.Qa1 Qb6 21.Ra3 Nc6 22.Bc2 Nd4
23.Bd1 Bg5 24.Kh1 Bc8 25.Qb2 Qh6 26.Ra5 Rd8 27.Rxc5 Nxe2 28.Qxe2 f6 29.Rd5 Be6
30.g3 Qh3 31.Rxd8+ Rxd8 32.Bc2 Bc8 33.Rd1 Rxd1+ 34.Qxd1 h5 35.Bd3 Be3 36.Bf1 Qd7
37.Qd5+ Kh7 38.Qxd7 Bxd7 39.Kg2 Kg6 40.Bd3 Kf7 41.Kf1 Bh3+ 42.Ke2 Bg1 43.b4 Bxh2
44.Kf2 h4 45.g4 Ke7 46.c5 Bg3+ 47.Kg1 g6 48.Bxa6 f5 49.Be2  1-0

[Event "Wch U20 Girls"]
[Site "Yerevan"]
[Date "1999.09.28"]
[Round "11"]
[White "Aginian, Nelly"]
[Black "Nill, Jessica"]
[Result "1/2-1/2"]
[WhiteElo "2170"]
[BlackElo "2168"]

1.e4 d6 2.d4 Nf6 3.Nc3 c6 4.a4 Nbd7 5.Nf3 e5 6.Bc4 Be7 7.O-O O-O 8.Re1 Qc7
9.h3 b6 10.b3 a6 11.Bb2 Rb8 12.Bd3 Re8 13.Ne2 Bf8 14.Ng3 b5 15.axb5 axb5
16.c3 g6 17.Bc2 Bb7 18.Nd2 Bg7 19.b4 Nb6 20.Bb3 c5 21.bxc5 dxc5 22.dxe5 Qxe5
23.Nf3 Qc7 24.Ng5 c4 25.Bc2 Rbd8 26.Qb1 Nfd7 27.Nf3 Nb8 28.Ne2 Nc6 29.Ba3 b4
30.Bxb4 Nxb4 31.Qxb4 Bxe4 32.Bxe4 Rxe4 33.Ned4 Rxe1+ 34.Rxe1 Nd5 35.Qa3 h6
36.Nb5 Qb6 37.Nfd4 Nxc3 38.Qxc3 Bxd4 39.Nxd4 Qxd4 40.Qxd4 Rxd4 41.Re8+ Kg7
42.Rc8 Rd1+ 43.Kh2 Rc1 44.Rc6 h5 45.h4 c3 46.g3 c2 47.Kg2 Kf8 48.Kf3 Ke7
49.Rc7+ Kd6 50.Rc8 Ke5 51.Kg2 Ke4 52.Re8+ Kf5 53.Rc8 f6 54.Rc5+ Ke4 55.Rc8 g5
56.hxg5 fxg5 57.Re8+ Kf5 58.Rf8+ Ke6 59.Rc8 h4 60.gxh4 gxh4  1/2-1/2

[Event "Najdorf mem op"]
[Site "Buenos Aires"]
[Date "1999.09.29"]
[Round "8"]
[White "Ginzburg, Maximiliano"]
[Black "Reides, Marcelo"]
[Result "1-0"]
[WhiteElo "2406"]
[BlackElo "2354"]

1.e4 d6 2.d4 Nf6 3.Nc3 e5 4.Nf3 Nbd7 5.Bc4 Be7 6.O-O O-O 7.a4 c6 8.Ba2 a5
9.Re1 Qc7 10.h3 exd4 11.Nxd4 Re8 12.Nf5 Bf8 13.Bg5 h6 14.Bh4 g6 15.Nd4 Bg7
16.Re3 Nc5 17.Qf3 Nh7 18.Rd1 Ne6 19.Nb3 Nhg5 20.Bxg5 hxg5 21.Qe2 b6 22.Nd2 Nf4
23.Qf3 Be6 24.Bxe6 Nxe6 25.Qg4 Be5 26.g3 Nd4 27.Rd3 Nxc2 28.Nc4 Rad8 29.Qxg5 Nb4
30.R3d2  1-0

[Event "Wch U20 Girls"]
[Site "Yerevan"]
[Date "1999.09.30"]
[Round "13"]
[White "Zaksaite, Salomeja"]
[Black "Gasparian, Marinna"]
[Result "0-1"]
[WhiteElo "2087"]
[BlackElo "2075"]

1.e4 d6 2.d4 Nf6 3.Nc3 c6 4.g3 Nbd7 5.Bg2 e5 6.Nge2 Be7 7.O-O O-O 8.h3 b5
9.a3 a5 10.d5 cxd5 11.Nxb5 Qb6 12.a4 dxe4 13.Be3 Nc5 14.g4 Bb7 15.Ng3 d5
16.Nf5 Rfe8 17.c3 Qc6 18.g5 Nfd7 19.Qg4 g6 20.Nh6+ Kg7 21.f3 f5 22.gxf6+ Nxf6
23.Qg3 Bf8 24.fxe4 Ncxe4 25.Bxe4 dxe4 26.Rxf6 Qxf6 27.Rf1 Qc6 28.Rf7+ Kh8
29.Rc7 Qd5 30.Qh4 Qd1+ 31.Kh2 Qe2+ 32.Bf2 Re7 33.Qf6+ Bg7 34.Qxe7 Qxf2+ 35.Kh1 Qf1+
36.Kh2 Qf4+ 37.Kg2 Qxh6 38.Nd6 Bd5 39.Ne8 e3+ 40.Kg1 e2  0-1

[Event "SLO-ch"]
[Site "Kranj"]
[Date "1999.10.09"]
[Round "8"]
[White "Mencinger, Vojko"]
[Black "Barle, Janez"]
[Result "0-1"]
[WhiteElo "2363"]
[BlackElo "2388"]

1.e4 d6 2.d4 Nf6 3.Nc3 e5 4.Nf3 Nbd7 5.Bc4 Be7 6.O-O O-O 7.Re1 c6 8.a4 b6
9.h3 Bb7 10.Ba2 a6 11.d5 c5 12.Bc4 Ne8 13.Qd3 Nc7 14.Be3 Re8 15.Rab1 Bc8
16.b4 cxb4 17.Rxb4 a5 18.Rb2 Na6 19.Reb1 Ndc5 20.Qe2 Nb4 21.Bxc5 bxc5 22.Nd1 Rf8
23.c3 Na6 24.Ne3 g6 25.Qd3 Kh8 26.g4 Kg7 27.Bb5 Rh8 28.Bc6 Ra7 29.Bb7 h5
30.Bxc8 Qxc8 31.Rb6 hxg4 32.hxg4 Nc7 33.Kg2 Qd7 34.Qc2 Ne8 35.Kg3 Nf6 36.Rb8 Rh6
37.Nd2 Nh7 38.Ndc4 Bg5 39.Nb6 Qe7 40.Ng2 Qf6 41.Rg1 Bf4+ 42.Nxf4 Qxf4+ 43.Kg2 Ng5
44.Kf1 Nf3  0-1

[Event "EU-ch U20 Girls"]
[Site "Patras"]
[Date "1999.10.09"]
[Round "5"]
[White "Makka, I."]
[Black "Radziewicz, Iweta"]
[Result "0-1"]
[WhiteElo "2099"]
[BlackElo "2395"]

1.e4 d6 2.d4 Nf6 3.Nc3 Nbd7 4.Be3 e5 5.Bc4 Be7 6.Nf3 O-O 7.h3 c6 8.O-O b5
9.Bd3 Bb7 10.Ne2 a6 11.Ng3 exd4 12.Nxd4 g6 13.c3 c5 14.Nde2 Re8 15.Bc2 Bf8
16.f3 d5 17.Qd2 Bg7 18.Bg5 Qb6 19.exd5 Nxd5 20.Kh1 Ne5 21.b3 f6 22.Bh6 Bxh6
23.Qxh6 Nf7 24.Qh4 Ne3 25.Rfc1 Ng5 26.Nf4 Qd6 27.Nf1 Nxf3 28.Qh6 Nxc2 29.Rxc2 Ng5
30.Rf2 Nf7 31.Qh4 g5 32.Qg4 Re4 33.Rd1 Rxf4 34.Rxd6 Rxg4 35.Rdxf6 Rf4 36.R2xf4 gxf4
37.Rxf4 Re8 38.Rf5 Re2  0-1

[Event "BL9900 (Women)"]
[Site "Germany"]
[Date "1999.10.16"]
[Round "1.5"]
[White "Arnhold, Kerstin"]
[Black "Barthel, Bergit"]
[Result "1-0"]
[WhiteElo "2029"]
[BlackElo "2096"]

1.e4 d6 2.d4 Nf6 3.Nc3 c6 4.f4 Qa5 5.Bd3 e5 6.Nf3 Bg4 7.dxe5 dxe5 8.h3 Bxf3
9.Qxf3 Nbd7 10.Bd2 Qc7 11.Ne2 Bd6 12.f5 Nc5 13.Bg5 O-O-O 14.O-O-O Qa5 15.Bxf6 gxf6
16.Nc3 b5 17.a3 b4 18.Nb1 bxa3 19.Nxa3 Kc7 20.Be2 Qa4 21.Bc4 Qb4 22.c3 Qa4
23.Qe2 Rb8 24.Rhe1 Nb3+ 25.Bxb3 Qxb3 26.Nb1 a5 27.Qc2 Qa2 28.c4 Bb4 29.Re3 a4
30.Red3 a3 31.Nxa3 Qa1+ 32.Nb1 Rhd8 33.Rxd8 Rxd8 34.Rxd8 Kxd8 35.Qd3+ Kc7
36.Kc2 Qa5 37.Qb3 Qc5 38.Nc3 Qf2+ 39.Kb1 Qe1+ 40.Ka2 c5 41.Nd5+ Kd8 42.Qa4  1-0

[Event "AUT2W-chT"]
[Site "Hohenems"]
[Date "1999.10.16"]
[Round "2.5"]
[White "Tschohl, Christof"]
[Black "Genduso, Carmelo"]
[Result "0-1"]
[WhiteElo "2145"]
[BlackElo "2224"]

1.e4 d6 2.d4 Nf6 3.Nc3 c6 4.Nf3 Bg4 5.h3 Bh5 6.Bd3 e6 7.g4 Bg6 8.g5 Nfd7
9.Nh4 d5 10.Nxg6 hxg6 11.exd5 cxd5 12.Qe2 Nc6 13.Qe3 Be7 14.f4 Qa5 15.a3 a6
16.h4 O-O-O 17.Bd2 Qb6 18.Ne2 Rde8 19.O-O-O Bd6 20.Rde1 Kb8 21.Qf2 e5 22.fxe5 Ndxe5
23.Rh3 Rhf8 24.Re3 Nxd4 25.Nxd4 Qxd4 26.Bc3 Nxd3+ 27.cxd3 Qf4 28.Be5 Rc8+  0-1

[Event "Wichern op 5th"]
[Site "Hamburg"]
[Date "1999.10.17"]
[Round "3"]
[White "Rausis, Igors"]
[Black "Deglmann, Ludwig"]
[Result "1/2-1/2"]
[WhiteElo "2496"]
[BlackElo "2327"]

1.d4 d6 2.e4 Nf6 3.Nc3 e5 4.dxe5 dxe5 5.Qxd8+ Kxd8 6.Bc4 Be6 7.Bxe6 fxe6
8.Be3 Bd6 9.f3 Ke7 10.Nge2 Nbd7 11.Nc1 a6 12.Nd3 b5 13.a4 b4 14.Nb1 Nb8 15.Nd2 Nc6
16.Ke2 h6 17.Rhc1 Nd7 18.c4 bxc3 19.bxc3 Na5 20.Rcb1 Rhb8 21.Kd1 c5 22.Kc2 c4
23.Nb4 Rc8 24.Rd1 Bc5 25.Nf1 Nb3 26.Rab1 a5 27.Na2 Nb6 28.Nc1 Nxa4  1/2-1/2

[Event "Wichern op 5th"]
[Site "Hamburg"]
[Date "1999.10.18"]
[Round "5"]
[White "Bauer, Christian"]
[Black "Deglmann, Ludwig"]
[Result "1-0"]
[WhiteElo "2490"]
[BlackElo "2327"]

1.e4 d6 2.d4 Nf6 3.Nc3 e5 4.Nf3 Nbd7 5.Bc4 Be7 6.O-O O-O 7.Re1 c6 8.a4 b6
9.h3 a6 10.Ba2 Rb8 11.Bg5 Qc7 12.Nh4 exd4 13.Nf5 Ne5 14.Nxe7+ Qxe7 15.Qxd4 h6
16.Bh4 g5 17.Bg3 Nh5 18.Qe3 Nxg3 19.Qxg3 Ng6 20.Rad1 Rd8 21.Ne2 Qe5 22.Qf3 Be6
23.Bxe6 fxe6 24.Nd4 Rf8 25.Qb3 Rbe8 26.Nxc6 Qc5 27.Nd4 Kh7 28.Re3 Nf4 29.Qc3 Qe5
30.Ne2 Nxe2+ 31.Rxe2 Qxc3 32.bxc3 b5 33.axb5 axb5 34.Rxd6 Rf7 35.Red2 Kg6
36.Rc6 Kf6 37.Rd3 Rb7 38.Rc5 Rb6 39.Rf3+ Kg6 40.e5 Rb7 41.Rf6+ Kg7 42.g4 Rf7
43.Rxf7+ Kxf7 44.Kg2 Rd8 45.Rxb5 Rd2 46.Rb7+ Kf8 47.Rh7 Re2 48.Rxh6 Rxe5
49.Rh5 Rc5 50.h4  1-0

[Event "Wichern op 5th"]
[Site "Hamburg"]
[Date "1999.10.20"]
[Round "7"]
[White "Ottstadt, Ralph"]
[Black "Deglmann, Ludwig"]
[Result "1/2-1/2"]
[WhiteElo "2210"]
[BlackElo "2327"]

1.d4 d6 2.e4 Nf6 3.Nc3 e5 4.Nge2 Nbd7 5.g3 Be7 6.Bg2 O-O 7.O-O c6 8.a4 b6
9.h3 a6 10.Be3 Rb8 11.f4 Re8 12.g4 h6 13.Qd2 Qc7 14.Ng3 Nf8 15.dxe5 dxe5
16.f5 N6h7 17.Nh5 Qd8 18.Bxh6 g5 19.Qxd8 Rxd8 20.Bxf8 Kxf8 21.Rfd1 Bb7 22.Bf3 Nf6
23.Nxf6 Bxf6 24.Rxd8+ Rxd8 25.Rd1 Rd4 26.b3 Ke7 27.Kf2 Kd6 28.Ke1 Kc5 29.Ne2 Rxd1+
30.Kxd1 b5 31.axb5 cxb5 32.c3 a5 33.Nc1 Bd8 34.Nd3+ Kd6 35.Kc2 Bb6 36.Kb2 f6
37.Kc2 Bc6 38.Kb2 Be8 39.Bd1 Bf7 40.Ka1 Be3 41.Kb2 Kc6 42.Bc2 Kb6 43.Bd1 Be8
44.Ka3 Bd2 45.Kb2 Bc6 46.Bf3 Be3 47.Ka3 a4 48.bxa4 bxa4 49.Kb4 Bb5 50.Be2 Bd2
51.Bf1 Be8 52.Nb2 Be1 53.Nc4+ Kc7 54.Na3 Bc6 55.Bd3 Bd2 56.Bc2 Be1 57.Nc4 Bf2
58.Nb2 Kd6 59.Nc4+ Kc7 60.Na3 Kd6  1/2-1/2

[Event "Wichern op 5th"]
[Site "Hamburg"]
[Date "1999.10.21"]
[Round "8"]
[White "Georgiev, Vladimir"]
[Black "Suran, Jan"]
[Result "1-0"]
[WhiteElo "2519"]
[BlackElo "2338"]

1.d4 d6 2.e4 Nf6 3.Nc3 e5 4.Nf3 Nbd7 5.Bc4 Be7 6.O-O O-O 7.Re1 c6 8.a4 b6
9.d5 cxd5 10.Nxd5 Bb7 11.b3 Rc8 12.Ra2 Rc5 13.Ba3 Bxd5 14.Bxd5 Nxd5 15.exd5 Rc8
16.c4 f5 17.Rae2 Rf7 18.Nd2 Nc5 19.Qc2 Qd7 20.f3 Bh4 21.g3 Bg5 22.Nb1 e4
23.Bxc5 exf3 24.Re6 bxc5 25.Qf2 Bf6 26.Qxf3 Be5 27.Kg2 Re8 28.Rxe8+ Qxe8
29.Nd2 a5 30.Qd3 g6 31.Nf3 Re7 32.Ng5 Qf8 33.Ne6 Qf6 34.Rf1 Rf7 35.Rf3 Re7
36.h3 Re8 37.g4 f4 38.g5 Qf7 39.h4 Qd7 40.Rh3 Qb7 41.Kf2 Qf7 42.Qe4 Qb7 43.Qe2 Qf7
44.Qg4 Rb8 45.Kg2 Re8 46.h5 Rb8 47.h6 Re8 48.Rf3 Qd7 49.Rf2 Rb8 50.Qh3 Qe7
51.Qd3 Re8 52.Kf3 Qb7 53.Kg4 Qd7 54.Kh4 Qf7 55.Qh3 Qb7 56.Re2 Qf7 57.Qg4 Re7
58.Nd8 Qe8 59.Nc6 Rf7 60.Qe6 Qf8 61.Rf2 Kh8 62.Rf3 Bf6 63.Kg4 Be7 64.Nxe7 Qxe7
65.Rf1 Qf8 66.Kf3 Re7 67.Qf6+ Qxf6 68.gxf6 Re8 69.f7 Rf8 70.Re1 g5 71.Re8  1-0

[Event "ARM-ch"]
[Site "Yerevan"]
[Date "1999.10.22"]
[Round "7"]
[White "Matikozian, Andranik"]
[Black "Minasian, Artashes"]
[Result "0-1"]
[WhiteElo "2427"]
[BlackElo "2600"]

1.e4 d6 2.d4 Nf6 3.Nc3 c6 4.Be3 g6 5.Qd2 Bg7 6.Bh6 O-O 7.f3 b5 8.O-O-O Qa5
9.Kb1 b4 10.Nce2 Nbd7 11.h4 c5 12.h5 c4 13.hxg6 fxg6 14.Bxg7 Kxg7 15.c3 Rb8
16.Rc1 Ba6 17.Nh3 Rb6 18.cxb4 Rxb4 19.Nc3 Rfb8 20.Rc2 e5 21.Ng5 Nf8 22.f4 Nh5
23.f5 Nf6 24.d5 R4b7 25.fxg6 hxg6 26.g3 Qb6 27.Ne6+ Kg8 28.Nxf8 Rxf8 29.Bh3 Rh7
30.Qg5 Kg7 31.Rch2 Rh5 32.Qd2 Rfh8 33.Qe2 Bc8 34.Qg2 Bxh3 35.Rxh3 Rxh3 36.Rxh3 Rxh3
37.Qxh3 Qg1+ 38.Kc2 Qf2+ 39.Kc1 Qe3+ 40.Kc2 Qf2+ 41.Kc1 g5 42.Qe6 Qxg3 43.Qxd6 Qf4+
44.Kd1 g4 45.Qe7+ Kg6 46.d6 g3 47.Ne2 Qf1+ 48.Kd2 Nxe4+ 49.Ke3 Nf6 50.Kd2 Qf3
51.Qe6 Qd3+ 52.Ke1 Qb1+ 53.Kd2 Qxb2+  0-1

[Event "Wch U16"]
[Site "Oropesa del Mar"]
[Date "1999.10.25"]
[Round "2"]
[White "Tan, Desmond"]
[Black "Erenburg, Sergey"]
[Result "1/2-1/2"]
[WhiteElo "2182"]
[BlackElo "2352"]

1.e4 d6 2.d4 Nf6 3.Nc3 Nbd7 4.Nf3 e5 5.Bc4 Be7 6.O-O O-O 7.a4 c6 8.Re1 a5
9.Ba2 Re8 10.Ng5 Rf8 11.Nf3 h6 12.h3 Re8 13.dxe5 dxe5 14.Nh4 Nf8 15.Nf5 Bxf5
16.exf5 Bb4 17.Qf3 Qd7 18.Rd1 Qe7 19.Ne4 Nxe4 20.Qxe4 Rad8 21.Be3 Nd7 22.Qc4 Nf6
23.c3 Bd6 24.Qe2 Bc7 25.Rxd8 Rxd8 26.Rd1 Rd7 27.Bb3 Rxd1+ 28.Qxd1 Nd7 29.Qg4 Kf8
30.f6 Nxf6 31.Qc8+ Ne8 32.Qxb7 Qd6 33.Qa7 Kg8 34.Qa8 Qd7 35.Qa6 Nf6 36.Bc2 e4
37.Qe2 Qe6 38.Bd4 Be5 39.Qe3 Bxd4 40.Qxd4 Qe7 41.g3 c5 42.Qe3 Qe5 43.Kh2 h5
44.Kg2 g5 45.f3 exf3+ 46.Qxf3 g4 47.hxg4 Nxg4 48.Qe4 Qg5 49.Qe2 Ne5 50.Qf2 Ng4
51.Qe2 Kg7 52.Be4 Ne5 53.Qf2 Nc4 54.Qe2 Nd6 55.Bd3 h4 56.Qf2 Qd5+ 57.Qf3 h3+
58.Kf2 Qb3 59.Qe2 Kf8 60.g4 c4  1/2-1/2

[Event "Arco op"]
[Site "Arco"]
[Date "1999.10.26"]
[Round "4"]
[White "Dubois, Martine"]
[Black "Lovati, Paolo"]
[Result "0-1"]
[WhiteElo "2012"]
[BlackElo "2080"]

1.e4 d6 2.d4 Nf6 3.Nc3 c6 4.Nf3 Bg4 5.h3 Bh5 6.Bd3 e6 7.g4 Bg6 8.Bg5 Qa5
9.Bd2 Qc7 10.Nh4 d5 11.Nxg6 hxg6 12.e5 Nfd7 13.f4 c5 14.Nb5 Qb6 15.dxc5 Bxc5
16.b4 Be7 17.Ke2 Nc6 18.Rb1 g5 19.Qg1 Qxg1 20.Rbxg1 O-O 21.f5 Ndxe5 22.fxe6 fxe6
23.Nc7 Nd4+ 24.Ke3 Rac8 25.Bc3 Rf3+ 26.Kxd4 Nc6+  0-1

[Event "EUCup final 15th"]
[Site "Bugojno"]
[Date "1999.10.29"]
[Round "1"]
[White "Beliavsky, Alexander G"]
[Black "Oratovsky, Michael"]
[Result "1/2-1/2"]
[WhiteElo "2618"]
[BlackElo "2481"]

1.d4 d6 2.e4 Nf6 3.Nc3 Nbd7 4.Nf3 e5 5.Bc4 Be7 6.O-O O-O 7.a4 c6 8.Re1 a5
9.h3 exd4 10.Nxd4 Nc5 11.Bf4 Be6 12.Nxe6 fxe6 13.Qe2 Qb6 14.Qe3 d5 15.exd5 Nxd5
16.Bxd5 exd5 17.Qxe7 Rxf4 18.Qd6 Rf6 19.Qe7 Raf8 20.Nd1 Ne4 21.Rxe4 dxe4
22.Qxe4 Qb4 23.Qxb4 axb4 24.Kf1 Re8 25.b3 Rd6 26.Ne3 Rd2 27.Rc1 Rf8 28.Nd1 Re8
29.Ne3 Rf8 30.Nd1 Rfd8 31.Nb2 Kf7 32.Ke1 R2d4 33.Ke2 Re8+ 34.Kf1 Kf6 35.Nc4 Re7
36.Ne3 h5 37.Ke2 g6 38.Ra1 Re8 39.Rh1 Ke6 40.Ra1 Kd6 41.Rg1 Kc5 42.Rc1 Rf8
43.Rf1 Rdf4 44.Nd1 Kd4 45.Kd2 c5 46.f3 c4 47.bxc4 Kxc4 48.Nb2+ Kd5 49.Nd3 Rd4
50.Re1 Kd6  1/2-1/2

[Event "Arco op"]
[Site "Arco"]
[Date "1999.10.31"]
[Round "9"]
[White "Carli, Carlo"]
[Black "Lovati, Paolo"]
[Result "1/2-1/2"]
[WhiteElo "2074"]
[BlackElo "2080"]

1.e4 d6 2.d4 Nf6 3.Nc3 c6 4.Nf3 Bg4 5.Be2 e6 6.O-O Be7 7.Be3 d5 8.e5 Nfd7
9.Nb1 O-O 10.Nbd2 c5 11.c3 Nc6 12.Ne1 Bxe2 13.Qxe2 cxd4 14.cxd4 Qb6 15.Qg4 f5
16.exf6 Rxf6 17.Ndf3 Rg6 18.Qh3 Re8 19.a3 Bf6 20.Nh4 Bxh4 21.Qxh4 Ne7 22.b4 Nf5
23.Qh5 Nf6 24.Qd1 Ng4 25.Nf3 Nfxe3 26.fxe3 Nxe3 27.Qa4 Rf8 28.Rf2 Nc4 29.Raf1 Rgf6
30.Qb3 Nd6 31.Qd3 Qb5 32.Qxb5 Nxb5 33.a4 Nc3 34.a5 h6 35.Rc2 Rc8 36.Re1 Rc7
37.Kf1 Nb5 38.Rxc7 Nxc7 39.Ke2 Nb5 40.Ke3 g5 41.Rc1 Rf7 42.Rc5 Nd6 43.Ne5 Rf4
44.Kd3 a6 45.Rc7 Nb5 46.Rxb7 Rxd4+ 47.Kc2 Rxb4 48.Rb6 Re4 49.Nf3 Rc4+ 50.Kd2 Nc7
51.Kd3 Kg7 52.Ne5 Re4 53.Rb7 Rxe5 54.Rxc7+ Kf6 55.Rc6 Re4 56.Rxa6 Ra4 57.Ke2 Ke5
58.Ra8 Ke4 59.a6 e5 60.a7 Ra2+ 61.Kd1 Kd3 62.Ke1 e4 63.Rd8 Ra1+ 64.Kf2 e3+
65.Kf3 Rf1+ 66.Kg4 Rf4+ 67.Kh5 Ra4 68.Rxd5+ Ke4 69.Rd7 Kf5  1/2-1/2

[Event "Extraliga CZE"]
[Site "Ostrava CZE"]
[Date "1999.11.01"]
[Round "2"]
[White "Jurasek,M"]
[Black "Spacek,P"]
[Result "1/2-1/2"]
[WhiteElo "2360"]
[BlackElo "2410"]

1.e4 d6 2.d4 Nf6 3.Nc3 e5 4.Nf3 Nbd7 5.Bc4 Be7 6.O-O O-O 7.Re1 c6 8.a4 b6
9.Qe2 a6 10.Ba2 Bb7 11.h3 b5 12.d5 b4 13.dxc6 Bxc6 14.Nd5 a5 15.Bg5 Bxd5
16.exd5 Rc8 17.Rad1 Qc7 18.Bb3 Nc5 19.Nd4 Nfe4 20.Bxe7 Qxe7 21.Nc6 Qc7 22.Qb5 Ra8
23.Bc4 Nf6 24.Bd3 g6 25.Bc4 Kg7 26.Bb3 Rfe8 27.Qc4 Nfd7 28.f4 f6 29.fxe5 Nxe5
30.Qd4 Nxc6 31.dxc6 Nxb3 32.cxb3 Qxc6 33.Rxe8 Rxe8 34.Qd5 Re1+ 35.Kh2 Qxd5
36.Rxd5 Re2 37.Rxa5 Rxb2 38.Rd5 Rxb3 39.Rxd6 Ra3 40.Rd7+ Kh6 41.Ra7 Kg5 42.a5 h5
43.Rb7 Rxa5 44.Rxb4 h4 45.Rg4+ Kh5 46.Rb4 f5 47.Rb8 Ra3 48.Rh8+ Kg5 49.Rh7 Ra2
50.Rh8 Rf2 51.Rh7 Re2 52.Rh8 Re7 53.Rg8 Rf7 54.Rh8 Re7 55.Rg8 Kf6 56.Rh8 g5
57.Rg8 Re3 58.Rh8 Ke5 59.Rh7 Ke4 60.Rg7 Kf4 61.Rf7 Re5 62.Rf8 Ke3 63.Rg8 f4
64.Ra8 Kf2 65.Ra2+ Kf1 66.Ra1+ Re1 67.Ra3 Re2 68.Ra1+ Kf2 69.Ra3 Ke1 70.Kg1 Re3
71.Ra5 Rg3 72.Kh2 f3 73.gxf3 Kf2 74.Ra2+ Ke3 75.Ra3+ Kf4 76.Ra4+ Kxf3 77.Ra3+ Kf2
78.Ra2+ Ke1 79.Ra1+ Kd2 80.Ra2+ Kd1 81.Ra1+ Kc2 82.Ra2+  1/2-1/2

[Event "SLO-chT"]
[Site "Bled"]
[Date "1999.11.08"]
[Round "1"]
[White "Ponomariov, Ruslan"]
[Black "Beliavsky, Alexander G"]
[Result "1/2-1/2"]
[WhiteElo "2616"]
[BlackElo "2618"]

1.e4 d6 2.d4 Nf6 3.Nc3 Nbd7 4.f4 e5 5.Nf3 exd4 6.Qxd4 Nc5 7.Be3 g6 8.e5 Ne6
9.Qa4+ Bd7 10.Bb5 Ng4 11.Bxd7+ Qxd7 12.Qxd7+ Kxd7 13.Bd2 f5 14.h3 Nh6 15.O-O-O c6
16.Ne2 Nf7 17.Be3 Kc7 18.Ned4 Re8 19.Nxe6+ Rxe6 20.Bd4 Rg8 21.Rhe1 dxe5 22.Nxe5 Nxe5
23.Rxe5 Rxe5 24.Bxe5+ Kc8 25.c4 Bc5 26.Kc2 Rd8 27.Rd3  1/2-1/2

[Event "Chigorin mem"]
[Site "St Petersburg"]
[Date "1999.11.09"]
[Round "8"]
[White "Kovalevskaya, Ekaterina"]
[Black "Burmakin, Vladimir"]
[Result "1-0"]
[WhiteElo "2497"]
[BlackElo "2579"]

1.e4 d6 2.d4 Nf6 3.Nc3 c6 4.Be2 Qc7 5.Nf3 e5 6.h3 Nbd7 7.O-O Be7 8.a4 Nf8
9.Be3 Ng6 10.Qd2 O-O 11.a5 Rd8 12.d5 Bd7 13.Bc4 Nh5 14.a6 c5 15.axb7 Qxb7
16.Ra3 Rdb8 17.Rfa1 Nhf4 18.b3 Bd8 19.Ra6 Bc7 20.Bf1 Rf8 21.Kh2 Qb8 22.g3 Nh5
23.Qd1 Nf6 24.Nd2 Ne8 25.Qc1 Bc8 26.R6a2 a5 27.Nb5 Bd8 28.Na3 f5 29.exf5 Ne7
30.Bg5 Bxf5 31.Bg2 Bg6 32.Qe1 Nf6 33.Bxf6 Rxf6 34.Nac4 Rf8 35.Ne4 Nf5 36.Nxa5 Bxa5
37.Rxa5 Rxa5 38.Rxa5 Nd4 39.Ra6 Nxc2 40.Qd2 Bxe4 41.Bxe4 Nd4 42.Kg2 Nxb3
43.Qg5 Rf6 44.Qh5 g6 45.Qg5 Kg7 46.h4 Qb7 47.Ra2 c4 48.h5 Nc5 49.Bxg6 hxg6
50.h6+ Kf7 51.h7 Ne4 52.Qh6 Qxd5 53.Qf8+ Ke6 54.Qc8+  1-0

[Event "ESP-chT Div 1"]
[Site "Cala Galdana"]
[Date "1999.11.10"]
[Round "3"]
[White "Duran Albareda, Xavier"]
[Black "Izeta Txabarri, Felix"]
[Result "0-1"]
[WhiteElo "2206"]
[BlackElo "2505"]

1.e4 d6 2.d4 Nf6 3.Nc3 c6 4.Nf3 Bg4 5.Be2 e6 6.Be3 d5 7.e5 Nfd7 8.O-O Be7
9.h3 Bxf3 10.Bxf3 O-O 11.Ne2 b5 12.g4 c5 13.c3 Nc6 14.Bg2 cxd4 15.cxd4 Rc8
16.Rc1 Nb6 17.b3 Ba3 18.Rc2 Nb4 19.Rxc8 Qxc8 20.Bc1 Bxc1 21.Qxc1 Qxc1 22.Rxc1 Rc8
23.Rxc8+ Nxc8 24.Nc3 a6 25.a4 bxa4 26.bxa4 Ne7 27.f4 Nec6 28.Ne2 Nc2 29.Kf2 Kf8
30.Nc3 N6xd4 31.Bf1 Nb4 32.Ke3 Nb3 33.Nd1 Nc5 34.Nb2 Nc6 35.Be2 h6 36.h4 Ke7
37.Bd1 Kd7 38.Nd3 Nxd3 39.Kxd3 Kc7 40.Kc3 Kb6 41.Bc2 Kc5 42.Bh7 Ne7 43.f5 Nc6
44.Bg8 exf5  0-1

[Event "Monarch Assurance 8th"]
[Site "Port Erin"]
[Date "1999.11.10"]
[Round "5"]
[White "Longson, Alex"]
[Black "Hickman, John"]
[Result "1/2-1/2"]
[WhiteElo "2169"]
[BlackElo "2125"]

1.e4 d6 2.d4 Nf6 3.Nc3 c6 4.f4 Qa5 5.e5 Ne4 6.Qf3 d5 7.Bd3 Na6 8.Ne2 Nb4
9.O-O Nxd3 10.cxd3 Nxc3 11.bxc3 g6 12.Bd2 h5 13.Be1 Bg4 14.Qe3 Bxe2 15.Qxe2 e6
16.Qb2 Rb8 17.c4 Qa3 18.Qxa3 Bxa3 19.Rb1 Be7 20.Bb4 Kd7 21.Bxe7 Kxe7 22.a4 b6
23.Kf2 a6 24.Rfc1 Kd7 25.Kg3 b5 26.cxb5 cxb5 27.axb5 axb5 28.Rb4 Rb7 29.Rc5 Rhb8
30.Kh4 Ke8 31.Kg5 Kf8 32.Kf6 Kg8 33.g3 Kh7 34.h3 Kg8 35.g4 hxg4 36.hxg4 Rb6
37.Kg5 Kg7 38.f5 gxf5 39.gxf5 R6b7 40.Rc6 Rb6 41.Rc7 R6b7 42.Rc5 Rb6 43.fxe6 fxe6
44.Rc7+ Kf8 45.Kf6 Kg8 46.Rg7+ Kf8 47.Rf7+ Ke8 48.Re7+ Kd8 49.Rxe6 Kd7 50.Rxb6 Rxb6+
51.Kf7 Rb7 52.Kf6 Rb6+ 53.Kf7 Rb7 54.e6+ Kd6+ 55.Kf6 Re7 56.Rxb5 Rxe6+ 57.Kf5 Re3
58.Rb6+ Kd7 59.Rh6 Re1 60.Kf4 Re2 61.Rh3 Kd6  1/2-1/2

[Event "ESP-chT Div 1"]
[Site "Cala Galdana"]
[Date "1999.11.12"]
[Round "5"]
[White "Paramos Dominguez, Roberto"]
[Black "Toledano Llinares, Juan Antonio"]
[Result "0-1"]
[WhiteElo "2425"]
[BlackElo "2383"]

1.d4 d6 2.e4 Nf6 3.Nc3 e5 4.dxe5 dxe5 5.Qxd8+ Kxd8 6.Bg5 c6 7.Nf3 Bd6 8.O-O-O Ke7
9.Nh4 Bb4 10.Bc4 h6 11.Bd2 Bd6 12.f3 b5 13.Bb3 g6 14.f4 Nbd7 15.Nf3 a5 16.a3 Ng4
17.Rde1 Bb7 18.h3 Ngf6 19.a4 b4 20.Nd1 Bc7 21.Nf2 c5 22.fxe5 Bxe5 23.Bc4 Bg3
24.e5 Nd5 25.Rhf1 N7b6 26.Bb5 c4 27.Kb1 Ba6 28.Bxa6 Rxa6 29.Re4 c3 30.bxc3 Nxa4
31.Nd1 Naxc3+ 32.Nxc3 bxc3 33.Bc1 Rb8+ 34.Ka1 Ke8 35.Nd4 Rb4 36.Ba3 Ra4 37.Ka2 Rb6
38.Nb5 Rxe4 39.Nd6+ Rxd6 40.exd6 f5 41.Rb1 Nb4+  0-1

[Event "Monarch Assurance 8th"]
[Site "Port Erin"]
[Date "1999.11.12"]
[Round "7"]
[White "Player, Edmund C"]
[Black "Hickman, John"]
[Result "0-1"]
[WhiteElo "2105"]
[BlackElo "2125"]

1.e4 d6 2.d4 Nf6 3.Nc3 c6 4.f4 Qa5 5.e5 Ne4 6.Qf3 d5 7.Bd3 Na6 8.Ne2 Nb4
9.O-O Nxc3 10.bxc3 Nxd3 11.cxd3 g6 12.Bd2 h5 13.h3 h4 14.Rfd1 Qa6 15.Nc1 Bf5
16.Be1 e6 17.Nb3 b6 18.c4 Be7 19.a4 O-O 20.c5 Rfb8 21.Kh2 Kg7 22.Qe2 Qc8
23.cxb6 Rxb6 24.Qc2 Rab8 25.Rab1 Qb7 26.Nd2 Bb4 27.Bxh4 Bxd2 28.Bf6+ Kf8
29.Rxb6 Bxf4+ 30.g3 Bxg3+ 31.Kxg3 Qxb6 32.Qd2 g5 33.Qxg5 Bg6 34.Qe3 Qb3 35.Rd2 Ke8
36.Qe2 Kd7 37.Rc2 Rg8 38.Kh2 Qxa4 39.Ra2 Qxd4 40.Qb2 Qf4+ 41.Kh1 Be4+  0-1

[Event "Monarch Assurance 8th"]
[Site "Port Erin"]
[Date "1999.11.14"]
[Round "9"]
[White "Hunt, Adam"]
[Black "Hickman, John"]
[Result "1-0"]
[WhiteElo "2288"]
[BlackElo "2125"]

1.e4 d6 2.d4 Nf6 3.Nc3 c6 4.f4 Qa5 5.Bd3 e5 6.Nf3 Bg4 7.dxe5 dxe5 8.h3 Bxf3
9.Qxf3 Nbd7 10.Bd2 Qc7 11.f5 Nc5 12.Rb1 b5 13.b4 Nxd3+ 14.cxd3 Rd8 15.g4 h6
16.Ke2 Be7 17.Rhc1 Qd6 18.Nd1 Nh7 19.Rb3 O-O 20.Qg3 Bg5 21.Bxg5 Nxg5 22.Qe3 a5
23.bxa5 Ra8 24.h4 Nh7 25.Qb6 Qe7 26.Rxc6 Qxh4 27.Nf2 h5 28.g5 Nxg5 29.Rxb5 Qf4
30.Qe3 Rfb8 31.Qxf4 exf4 32.Rxb8+ Rxb8 33.Nd1 Rb5 34.a6 Ra5 35.Nc3 Kh7 36.a4 h4
37.Kf2 f3 38.d4 f6 39.Rb6 Kg8 40.d5 Kf8 41.Rb8+ Ke7 42.Rb7+ Kd6 43.a7 Ke5
44.Re7+ Kd6 45.Rxg7 Ke5 46.d6 Kxd6 47.Rg8  1-0

[Event "V Open"]
[Site "Lisbon POR"]
[Date "1999.11.16"]
[Round "4"]
[White "Fernando,D"]
[Black "Cruz,P"]
[Result "1-0"]
[WhiteElo "2221"]
[BlackElo "2003"]

1.e4 d6 2.d4 Nf6 3.Nc3 e5 4.Nf3 Nbd7 5.Bc4 Be7 6.O-O O-O 7.Qe2 c6 8.a4 a5
9.h3 h6 10.Be3 Nh7 11.Rad1 Qe8 12.Nh2 Bg5 13.dxe5 dxe5 14.Ng4 Bxe3 15.Nxe3 Nb6
16.Bb3 Be6 17.Nf5 Nf6 18.Bxe6 fxe6 19.Nd6 Qe7 20.Qe3 Qc7 21.Qg3 Nfd7 22.Rd2 Rad8
23.Rfd1 Nc8 24.Nxc8 Qxc8 25.Qd3 Qc7 26.Qd6 Qxd6 27.Rxd6 Rf7 28.Nb1 Kf8 29.Rxe6 Ra8
30.b3 Re7 31.Red6 Nc5 32.f3 Ne6 33.R6d2 Nd4 34.Kf2 g5 35.Nc3 Kf7 36.Ne2 Nxe2
37.Kxe2 Rb8 38.Rd6 Re6 39.Rd7+ Kf6 40.Rh7 Kg6 41.Rdd7 b6 42.Rdg7+ Kh5 43.g3 Rd8
44.h4 Rdd6 45.Rxg5+  1-0

[Event "ch-ARG Najdorf mem"]
[Site "Buenos Aires ARG"]
[Date "1999.11.19"]
[Round "1"]
[White "Campora,D"]
[Black "Tempone,M"]
[Result "1-0"]
[WhiteElo "2543"]
[BlackElo "2423"]

1.d4 d6 2.e4 Nf6 3.Nc3 Nbd7 4.g4 h6 5.Be3 e5 6.h3 c6 7.Nge2 Qa5 8.Bg2 d5
9.exd5 cxd5 10.O-O e4 11.f3 exf3 12.Rxf3 Bd6 13.Qd3 O-O 14.Raf1 b6 15.Bxh6 Ba6
16.Qe3 Rfe8 17.Qg5 Bf8 18.Rxf6 Nxf6 19.Rxf6 Rxe2 20.Bxd5 Re1+ 21.Kh2 Bc4
22.Rg6 Bxd5 23.Rxg7+ Kh8 24.Rg8+ Kh7 25.Bxf8 Rh1+ 26.Kg3  1-0

[Event "Extraliga CZE"]
[Site "Ostrava CZE"]
[Date "1999.11.20"]
[Round "3"]
[White "Langner,L"]
[Black "Pribyl,J"]
[Result "1/2-1/2"]
[WhiteElo "2355"]
[BlackElo "2384"]

1.e4 d6 2.d4 Nf6 3.Nc3 e5 4.Nf3 Nbd7 5.Bc4 Be7 6.O-O O-O 7.a4 c6 8.a5 Rb8
9.b3 b5 10.axb6 axb6 11.Bb2 Bb7 12.Ba6 Qc7 13.Bxb7 Qxb7 14.Qe2 Ra8 15.Na2 Ra5
16.Bc3 Ra7 17.Nc1 Rxa1 18.Bxa1 Ra8 19.Nd3 c5 20.dxe5 Qxe4 21.Qxe4 Nxe4  1/2-1/2